00279nam a2200133Ia 45000030006000000080041000060400015000471000015000622450022000772600009000993000006001085460014001140050017001280STCL150530s9999 xx 000 0 und d aSTCLcSTCL aJoseph M T aAaroghia Vijananm c1991 a0 aMalayalam20220125170516.0